000 00440nam a22001817a 4500
003 MPLRDC
005 20220104123854.0
008 210129b ||||| |||| 00| 0 eng d
020 _a957-9431-86-8
082 _a192.1 LSB-2
100 _a林松柏编
245 _a自信: 肯定自我的才华
_c
260 _a
_b满庭芳出版社
_c1992
300 _b
490 _a管理丛书
650 _a修身
942 _cBK
_o192.1 LSB-2
999 _c14851
_d14841